[Event "Tournoi International du Pays de Charleroi 2018"]
[Site "Roux, Belgium"]
[Date "2018.07.30"]
[Round "4.3"]
[White "Miezis, Normunds"]
[Black "Decrop, Benjamin"]
[Result "1-0"]
[WhiteTitle "GM"]
[WhiteElo "2463"]
[BlackElo "2207"]

1. c4 {[%clk 01:25:24]} {[%emt 00:05:36]} Nf6 {[%clk 01:30:52]} {[%emt
00:00:09]} 2. Nc3 {[%clk 01:25:33]} {[%emt 00:00:21]} e6 {[%clk 01:31:16]}
{[%emt 00:00:06]} 3. e4 {[%clk 01:25:49]} {[%emt 00:00:13]} d5 {[%clk
01:31:25]} {[%emt 00:00:21]} 4. exd5 {[%clk 01:26:00]} {[%emt 00:00:19]} exd5
{[%clk 01:31:49]} {[%emt 00:00:06]} 5. d4 {[%clk 01:26:22]} {[%emt 00:00:08]}
Be7 {[%clk 01:28:09]} {[%emt 00:04:10]} 6. Nf3 {[%clk 01:26:07]} {[%emt
00:00:44]} O-O {[%clk 01:28:02]} {[%emt 00:00:38]} 7. Be2 {[%clk 01:26:19]}
{[%emt 00:00:18]} dxc4 {[%clk 01:23:48]} {[%emt 00:04:45]} 8. Bxc4 {[%clk
01:26:02]} {[%emt 00:00:46]} Nbd7 {[%clk 01:24:10]} {[%emt 00:00:09]} 9. O-O
{[%clk 01:25:52]} {[%emt 00:00:40]} Nb6 {[%clk 01:24:25]} {[%emt 00:00:15]} 10.
Bb3 {[%clk 01:26:01]} {[%emt 00:00:20]} Bg4 {[%clk 01:23:36]} {[%emt 00:01:20]}
11. h3 {[%clk 01:24:00]} {[%emt 00:02:31]} Bh5 {[%clk 01:23:49]} {[%emt
00:00:18]} 12. Re1 {[%clk 01:23:35]} {[%emt 00:00:54]} c6 {[%clk 01:21:57]}
{[%emt 00:02:23]} 13. Bg5 {[%clk 01:22:36]} {[%emt 00:01:28]} Re8 {[%clk
01:21:27]} {[%emt 00:01:00]} 14. Re5 {[%clk 01:18:31]} {[%emt 00:04:34]} Bg6
{[%clk 01:15:17]} {[%emt 00:06:41]} 15. Qe2 {[%clk 01:09:39]} {[%emt 00:09:22]}
Nbd7 {[%clk 00:53:14]} {[%emt 00:22:34]} 16. Re3 {[%clk 01:07:24]} {[%emt
00:02:44]} Bf8 {[%clk 00:39:59]} {[%emt 00:13:46]} 17. Ne5 {[%clk 01:06:03]}
{[%emt 00:01:50]} Qc7 {[%clk 00:30:13]} {[%emt 00:10:16]} 18. Re1 {[%clk
00:49:18]} {[%emt 00:17:14]} Nxe5 {[%clk 00:20:27]} {[%emt 00:10:17]} 19. dxe5
{[%clk 00:49:11]} {[%emt 00:00:37]} Nd5 {[%clk 00:19:09]} {[%emt 00:01:49]} 20.
Nxd5 {[%clk 00:44:43]} {[%emt 00:04:56]} cxd5 {[%clk 00:19:30]} {[%emt
00:00:09]} 21. Bxd5 {[%clk 00:44:59]} {[%emt 00:00:15]} Bf5 {[%clk 00:16:37]}
{[%emt 00:03:24]} 22. a3 {[%clk 00:35:29]} {[%emt 00:09:59]} Be6 {[%clk
00:14:58]} {[%emt 00:02:09]} 23. Be4 {[%clk 00:35:32]} {[%emt 00:00:27]} Rac8
{[%clk 00:13:14]} {[%emt 00:02:16]} 24. Qf3 {[%clk 00:33:32]} {[%emt 00:02:29]}
g6 {[%clk 00:12:17]} {[%emt 00:01:27]} 25. Bf6 {[%clk 00:30:26]} {[%emt
00:03:35]} Bd7 {[%clk 00:08:13]} {[%emt 00:04:36]} 26. Bxb7 {[%clk 00:28:34]}
{[%emt 00:02:22]} Rb8 {[%clk 00:08:17]} {[%emt 00:00:26]} 27. Bd5 {[%clk
00:28:39]} {[%emt 00:00:24]} Be6 {[%clk 00:08:14]} {[%emt 00:00:32]} 28. b4
{[%clk 00:27:37]} {[%emt 00:01:33]} a5 {[%clk 00:07:25]} {[%emt 00:01:20]} 29.
Bc6 {[%clk 00:26:09]} {[%emt 00:01:57]} 1-0

[Event "Tournoi International du Pays de Charleroi 2018"]
[Site "Roux, Belgium"]
[Date "2018.07.30"]
[Round "4.6"]
[White "Godart, Francois"]
[Black "Goormachtigh, Johan"]
[Result "1-0"]
[WhiteElo "2427"]
[BlackElo "2148"]

1. d4 {[%clk 01:30:58]} {[%emt 00:00:01]} Nf6 {[%clk 01:29:27]} {[%emt
00:01:34]} 2. c4 {[%clk 01:31:21]} {[%emt 00:00:08]} g6 {[%clk 01:29:23]}
{[%emt 00:00:33]} 3. g3 {[%clk 01:31:36]} {[%emt 00:00:14]} Bg7 {[%clk
01:29:46]} {[%emt 00:00:08]} 4. Bg2 {[%clk 01:32:02]} {[%emt 00:00:04]} d5
{[%clk 01:27:12]} {[%emt 00:03:04]} 5. cxd5 {[%clk 01:31:47]} {[%emt 00:00:45]}
Nxd5 {[%clk 01:27:40]} {[%emt 00:00:02]} 6. Nf3 {[%clk 01:31:50]} {[%emt
00:00:27]} Nb6 {[%clk 01:26:24]} {[%emt 00:01:46]} 7. Nc3 {[%clk 01:31:29]}
{[%emt 00:00:51]} Nc6 {[%clk 01:26:28]} {[%emt 00:00:26]} 8. e3 {[%clk
01:31:27]} {[%emt 00:00:31]} e5 {[%clk 01:11:06]} {[%emt 00:15:52]} 9. d5
{[%clk 01:28:45]} {[%emt 00:03:13]} e4 {[%clk 01:09:39]} {[%emt 00:01:57]} 10.
dxc6 {[%clk 01:23:52]} {[%emt 00:05:22]} Bxc3+ {[%clk 01:09:49]} {[%emt
00:00:21]} 11. Nd2 {[%clk 01:19:30]} {[%emt 00:04:52]} Bg7 {[%clk 00:47:43]}
{[%emt 00:22:36]} 12. Bxe4 {[%clk 01:10:38]} {[%emt 00:09:22]} Rb8 {[%clk
00:41:42]} {[%emt 00:06:31]} 13. cxb7 {[%clk 00:58:29]} {[%emt 00:12:39]} Bxb7
{[%clk 00:41:57]} {[%emt 00:00:15]} 14. Bxb7 {[%clk 00:58:11]} {[%emt
00:00:48]} Rxb7 {[%clk 00:42:25]} {[%emt 00:00:01]} 15. Qf3 {[%clk 00:56:43]}
{[%emt 00:01:58]} Qd5 {[%clk 00:40:41]} {[%emt 00:02:15]} 16. Rb1 {[%clk
00:54:29]} {[%emt 00:02:44]} Qxf3 {[%clk 00:33:39]} {[%emt 00:07:32]} 17. Nxf3
{[%clk 00:54:48]} {[%emt 00:00:11]} Na4 {[%clk 00:34:07]} {[%emt 00:00:02]} 18.
b3 {[%clk 00:51:49]} {[%emt 00:03:29]} O-O {[%clk 00:15:28]} {[%emt 00:19:09]}
19. Bd2 {[%clk 00:45:32]} {[%emt 00:06:46]} Rd8 {[%clk 00:10:47]} {[%emt
00:05:11]} 20. Ke2 {[%clk 00:44:58]} {[%emt 00:01:04]} Nc5 {[%clk 00:09:58]}
{[%emt 00:01:19]} 21. Rhc1 {[%clk 00:44:18]} {[%emt 00:01:10]} Ne4 {[%clk
00:07:28]} {[%emt 00:03:01]} 22. Be1 {[%clk 00:40:57]} {[%emt 00:03:51]} c5
{[%clk 00:07:42]} {[%emt 00:00:16]} 23. Rc4 {[%clk 00:40:47]} {[%emt 00:00:39]}
f5 {[%clk 00:07:53]} {[%emt 00:00:20]} 24. Rbc1 {[%clk 00:40:24]} {[%emt
00:00:52]} Rbd7 {[%clk 00:03:36]} {[%emt 00:04:47]} 25. Ba5 {[%clk 00:40:19]}
{[%emt 00:00:35]} Rb8 {[%clk 00:04:02]} {[%emt 00:00:05]} 26. R1c2 {[%clk
00:27:32]} {[%emt 00:13:16]} Rb5 {[%clk 00:02:43]} {[%emt 00:01:49]} 27. Be1
{[%clk 00:26:57]} {[%emt 00:01:06]} Rd5 {[%clk 00:02:57]} {[%emt 00:00:16]} 28.
Nd2 {[%clk 00:26:46]} {[%emt 00:00:40]} Nd6 {[%clk 00:01:41]} {[%emt 00:01:47]}
29. Ra4 {[%clk 00:27:10]} {[%emt 00:00:06]} Rb7 {[%clk 00:02:05]} {[%emt
00:00:06]} 30. Ra5 {[%clk 00:25:39]} {[%emt 00:02:01]} Nb5 {[%clk 00:02:10]}
{[%emt 00:00:24]} 31. Nb1 {[%clk 00:25:19]} {[%emt 00:00:50]} Bf8 {[%clk
00:01:29]} {[%emt 00:01:12]} 32. Nc3 {[%clk 00:24:59]} {[%emt 00:00:50]} Nxc3+
{[%clk 00:01:53]} {[%emt 00:00:06]} 33. Bxc3 {[%clk 00:25:21]} {[%emt
00:00:07]} Kf7 {[%clk 00:02:01]} {[%emt 00:00:22]} 34. Bd4 {[%clk 00:24:48]}
{[%emt 00:01:03]} Ke6 {[%clk 00:01:30]} {[%emt 00:01:01]} 35. Bxc5 {[%clk
00:24:41]} {[%emt 00:00:37]} 1-0

[Event "Tournoi International du Pays de Charleroi 2018"]
[Site "Roux, Belgium"]
[Date "2018.07.30"]
[Round "4.2"]
[White "Cruz Lledo, Pablo"]
[Black "De Schampheleire, Glen"]
[Result "1/2-1/2"]
[WhiteTitle "IM"]
[BlackTitle "FM"]
[WhiteElo "2443"]
[BlackElo "2347"]

1. d4 {[%clk 01:27:42]} {[%emt 00:03:17]} Nf6 {[%clk 01:30:52]} {[%emt
00:00:08]} 2. c4 {[%clk 01:28:07]} {[%emt 00:00:05]} e6 {[%clk 01:31:16]}
{[%emt 00:00:06]} 3. Nc3 {[%clk 01:28:31]} {[%emt 00:00:06]} Bb4 {[%clk
01:31:33]} {[%emt 00:00:13]} 4. e3 {[%clk 01:28:49]} {[%emt 00:00:12]} O-O
{[%clk 01:31:52]} {[%emt 00:00:11]} 5. Nf3 {[%clk 01:29:08]} {[%emt 00:00:11]}
d5 {[%clk 01:31:25]} {[%emt 00:00:57]} 6. Bd2 {[%clk 01:29:22]} {[%emt
00:00:17]} b6 {[%clk 01:23:22]} {[%emt 00:08:33]} 7. a3 {[%clk 01:29:19]}
{[%emt 00:00:33]} Bxc3 {[%clk 01:17:54]} {[%emt 00:05:58]} 8. Bxc3 {[%clk
01:29:42]} {[%emt 00:00:06]} Ne4 {[%clk 01:18:19]} {[%emt 00:00:04]} 9. Rc1
{[%clk 01:30:07]} {[%emt 00:00:06]} Ba6 {[%clk 01:17:55]} {[%emt 00:00:55]} 10.
Qc2 {[%clk 01:26:20]} {[%emt 00:04:16]} Nd7 {[%clk 01:11:51]} {[%emt 00:06:34]}
11. b4 {[%clk 01:25:49]} {[%emt 00:01:02]} Nxc3 {[%clk 01:05:25]} {[%emt
00:06:55]} 12. Qxc3 {[%clk 01:24:00]} {[%emt 00:02:18]} c6 {[%clk 01:00:46]}
{[%emt 00:05:10]} 13. Bd3 {[%clk 01:21:27]} {[%emt 00:03:03]} Rc8 {[%clk
00:58:19]} {[%emt 00:02:57]} 14. c5 {[%clk 01:20:38]} {[%emt 00:01:19]} Bxd3
{[%clk 00:57:49]} {[%emt 00:01:01]} 15. Qxd3 {[%clk 01:21:04]} {[%emt
00:00:03]} Re8 {[%clk 00:51:37]} {[%emt 00:06:43]} 16. O-O {[%clk 01:21:06]}
{[%emt 00:00:27]} e5 {[%clk 00:51:45]} {[%emt 00:00:23]} 17. Nxe5 {[%clk
01:19:51]} {[%emt 00:01:45]} Nxe5 {[%clk 00:52:01]} {[%emt 00:00:14]} 18. dxe5
{[%clk 01:20:16]} {[%emt 00:00:04]} Rxe5 {[%clk 00:52:24]} {[%emt 00:00:07]} 19.
b5 {[%clk 01:17:32]} {[%emt 00:03:14]} h6 {[%clk 00:36:54]} {[%emt 00:16:00]}
20. Rfd1 {[%clk 01:07:25]} {[%emt 00:10:37]} cxb5 {[%clk 00:30:13]} {[%emt
00:07:11]} 21. cxb6 {[%clk 01:06:05]} {[%emt 00:01:50]} Rxc1 {[%clk 00:30:37]}
{[%emt 00:00:07]} 22. Rxc1 {[%clk 01:06:32]} {[%emt 00:00:02]} axb6 {[%clk
00:30:58]} {[%emt 00:00:09]} 23. Qxb5 {[%clk 01:06:48]} {[%emt 00:00:14]} Qd6
{[%clk 00:30:42]} {[%emt 00:00:46]} 24. Rc8+ {[%clk 00:59:54]} {[%emt
00:07:24]} Kh7 {[%clk 00:31:06]} {[%emt 00:00:06]} 25. Qd3 {[%clk 01:00:21]}
{[%emt 00:00:03]} Qg6 {[%clk 00:30:47]} {[%emt 00:00:49]} 26. Qxg6 {[%clk
00:59:48]} {[%emt 00:01:03]} Kxg6 {[%clk 00:30:00]} {[%emt 00:01:16]} 27. Kf1
{[%clk 01:00:11]} {[%emt 00:00:08]} Kf6 {[%clk 00:27:32]} {[%emt 00:02:59]} 28.
Ke2 {[%clk 01:00:22]} {[%emt 00:00:19]} Re7 {[%clk 00:23:18]} {[%emt 00:04:44]}
29. Rb8 {[%clk 00:52:56]} {[%emt 00:07:56]} Re6 {[%clk 00:23:43]} {[%emt
00:00:05]} 30. Kd3 {[%clk 00:52:59]} {[%emt 00:00:26]} Rc6 {[%clk 00:23:48]}
{[%emt 00:00:25]} 31. h4 {[%clk 00:48:38]} {[%emt 00:04:51]} h5 {[%clk
00:21:41]} {[%emt 00:02:37]} 32. f3 {[%clk 00:48:45]} {[%emt 00:00:23]} Ke5
{[%clk 00:17:31]} {[%emt 00:04:40]} 33. Rb7 {[%clk 00:47:21]} {[%emt 00:01:55]}
Ke6 {[%clk 00:15:12]} {[%emt 00:02:48]} 34. g4 {[%clk 00:46:55]} {[%emt
00:00:56]} g6 {[%clk 00:15:02]} {[%emt 00:00:40]} 35. gxh5 {[%clk 00:46:49]}
{[%emt 00:00:35]} gxh5 {[%clk 00:15:31]} {[%emt 00:00:02]} 36. Rb8 {[%clk
00:46:53]} {[%emt 00:00:26]} f6 {[%clk 00:14:57]} {[%emt 00:01:03]} 37. Rb7
{[%clk 00:44:17]} {[%emt 00:03:07]} Kf5 {[%clk 00:13:36]} {[%emt 00:01:51]} 38.
Kd4 {[%clk 00:40:05]} {[%emt 00:04:42]} Ke6 {[%clk 00:12:59]} {[%emt 00:01:07]}
39. Kd3 {[%clk 00:27:59]} {[%emt 00:12:35]} Kf5 {[%clk 00:12:19]} {[%emt
00:01:11]} 40. Rb8 {[%clk 00:21:12]} {[%emt 00:07:17]} Rc5 {[%clk 00:03:35]}
{[%emt 00:09:13]} 41. Rxb6 {[%clk 00:19:33]} {[%emt 00:02:10]} Ra5 {[%clk
00:04:00]} {[%emt 00:00:05]} 42. e4+ {[%clk 00:17:43]} {[%emt 00:02:20]} dxe4+
{[%clk 00:00:52]} {[%emt 00:03:37]} 43. fxe4+ {[%clk 00:18:12]} {[%emt
00:00:02]} Kg4 {[%clk 00:00:46]} {[%emt 00:00:36]} 44. Rxf6 {[%emt 00:00:59]}
Rxa3+ {[%clk 00:30:18]} {[%emt 00:00:56]} 45. Kd4 {[%clk 00:45:59]} {[%emt
00:02:16]} Kxh4 {[%clk 00:30:39]} {[%emt 00:00:08]} 46. e5 {[%clk 00:34:29]}
{[%emt 00:12:00]} Kg5 {[%clk 00:30:05]} {[%emt 00:01:05]} 47. Rf8 {[%clk
00:30:14]} {[%emt 00:04:45]} Ra4+ {[%clk 00:29:58]} {[%emt 00:00:37]} 48. Kd5
{[%clk 00:30:26]} {[%emt 00:00:18]} Ra5+ {[%clk 00:29:37]} {[%emt 00:00:51]} 49.
Kd6 {[%clk 00:30:46]} {[%emt 00:00:10]} Ra6+ {[%clk 00:29:59]} {[%emt
00:00:08]} 50. Kd7 {[%clk 00:31:02]} {[%emt 00:00:14]} Ra7+ {[%clk 00:30:17]}
{[%emt 00:00:12]} 51. Kc6 {[%clk 00:31:27]} {[%emt 00:00:05]} Ra6+ {[%clk
00:30:35]} {[%emt 00:00:13]} 52. Kd5 {[%clk 00:31:44]} {[%emt 00:00:11]} Ra5+
{[%clk 00:28:58]} {[%emt 00:00:17]} 1/2-1/2

[Event "Tournoi International du Pays de Charleroi 2018"]
[Site "Roux, Belgium"]
[Date "2018.07.30"]
[Round "4.24"]
[White "Depouhon, Jean"]
[Black "Hamblok, Roel"]
[Result "0-1"]
[BlackTitle "FM"]
[WhiteElo "2023"]
[BlackElo "2286"]

1. d4 {[%clk 01:30:56]} {[%emt 00:00:03]} d5 {[%clk 01:30:40]} {[%emt
00:00:20]} 2. e4 {[%clk 01:31:18]} {[%emt 00:00:08]} dxe4 {[%clk 01:30:28]}
{[%emt 00:00:42]} 3. Nc3 {[%clk 01:31:40]} {[%emt 00:00:08]} Nf6 {[%clk
01:30:34]} {[%emt 00:00:25]} 4. f3 {[%clk 01:32:02]} {[%emt 00:00:08]} c6
{[%clk 01:30:43]} {[%emt 00:00:21]} 5. Be3 {[%clk 01:28:00]} {[%emt 00:04:31]}
exf3 {[%clk 01:26:49]} {[%emt 00:04:25]} 6. Nxf3 {[%clk 01:28:00]} {[%emt
00:00:29]} Bg4 {[%clk 01:26:53]} {[%emt 00:00:26]} 7. h3 {[%clk 01:27:26]}
{[%emt 00:01:03]} Bh5 {[%clk 01:27:03]} {[%emt 00:00:21]} 8. g4 {[%clk
01:27:10]} {[%emt 00:00:46]} Bg6 {[%clk 01:27:23]} {[%emt 00:00:11]} 9. Bg2
{[%clk 01:24:46]} {[%emt 00:02:54]} e6 {[%clk 01:26:38]} {[%emt 00:01:15]} 10.
Qe2 {[%clk 01:18:11]} {[%emt 00:07:05]} Nbd7 {[%clk 01:25:21]} {[%emt
00:01:46]} 11. O-O {[%clk 01:13:05]} {[%emt 00:05:35]} Be7 {[%clk 01:22:59]}
{[%emt 00:02:53]} 12. Rad1 {[%clk 01:09:34]} {[%emt 00:04:01]} Nd5 {[%clk
01:11:31]} {[%emt 00:11:59]} 13. Nxd5 {[%clk 01:08:44]} {[%emt 00:01:19]} cxd5
{[%clk 01:11:27]} {[%emt 00:00:34]} 14. c4 {[%clk 01:03:50]} {[%emt 00:05:25]}
dxc4 {[%clk 01:09:50]} {[%emt 00:02:08]} 15. Qxc4 {[%clk 01:01:45]} {[%emt
00:02:34]} O-O {[%clk 01:10:05]} {[%emt 00:00:15]} 16. Ne5 {[%clk 00:58:35]}
{[%emt 00:03:39]} Nb6 {[%clk 01:06:21]} {[%emt 00:04:15]} 17. Qb3 {[%clk
00:54:46]} {[%emt 00:04:19]} Rc8 {[%clk 01:03:38]} {[%emt 00:03:12]} 18. Nxg6
{[%clk 00:54:26]} {[%emt 00:00:50]} hxg6 {[%clk 01:02:43]} {[%emt 00:01:26]} 19.
Bxb7 {[%clk 00:43:52]} {[%emt 00:11:04]} Rc7 {[%clk 00:59:37]} {[%emt
00:03:36]} 20. Bg2 {[%clk 00:42:12]} {[%emt 00:02:09]} Rd7 {[%clk 00:59:57]}
{[%emt 00:00:10]} 21. Rd3 {[%clk 00:31:26]} {[%emt 00:11:16]} Nd5 {[%clk
00:58:57]} {[%emt 00:01:31]} 22. Bxd5 {[%clk 00:28:13]} {[%emt 00:03:43]} Rxd5
{[%clk 00:59:18]} {[%emt 00:00:08]} 23. Qc4 {[%clk 00:26:32]} {[%emt 00:02:11]}
Qb6 {[%clk 00:56:55]} {[%emt 00:02:53]} 24. Rb3 {[%clk 00:21:56]} {[%emt
00:05:06]} Qd6 {[%clk 00:56:57]} {[%emt 00:00:28]} 25. Bf4 {[%clk 00:21:30]}
{[%emt 00:00:56]} Qd7 {[%clk 00:57:06]} {[%emt 00:00:22]} 26. Rd3 {[%clk
00:20:53]} {[%emt 00:01:07]} Rd8 {[%clk 00:56:50]} {[%emt 00:00:46]} 27. Rfd1
{[%clk 00:18:59]} {[%emt 00:02:23]} Bf6 {[%clk 00:57:05]} {[%emt 00:00:15]} 28.
Qc7 {[%clk 00:15:38]} {[%emt 00:03:51]} Qxc7 {[%clk 00:55:34]} {[%emt
00:02:02]} 29. Bxc7 {[%clk 00:16:00]} {[%emt 00:00:08]} R8d7 {[%clk 00:55:59]}
{[%emt 00:00:04]} 30. Bg3 {[%clk 00:14:28]} {[%emt 00:02:02]} Bxd4+ {[%clk
00:56:16]} {[%emt 00:00:14]} 31. Kg2 {[%clk 00:14:35]} {[%emt 00:00:23]} Bxb2
{[%clk 00:56:15]} {[%emt 00:00:31]} 32. Rxd5 {[%clk 00:14:54]} {[%emt
00:00:11]} Rxd5 {[%clk 00:56:38]} {[%emt 00:00:07]} 33. Rxd5 {[%clk 00:15:09]}
{[%emt 00:00:15]} exd5 {[%clk 00:57:04]} {[%emt 00:00:04]} 34. Kf3 {[%clk
00:15:28]} {[%emt 00:00:10]} f6 {[%clk 00:57:14]} {[%emt 00:00:20]} 35. Ke3
{[%clk 00:14:03]} {[%emt 00:01:55]} Kf7 {[%clk 00:57:28]} {[%emt 00:00:16]} 36.
Bb8 {[%clk 00:14:02]} {[%emt 00:00:31]} a6 {[%clk 00:57:51]} {[%emt 00:00:07]}
37. Ba7 {[%clk 00:14:11]} {[%emt 00:00:21]} Ke6 {[%clk 00:58:04]} {[%emt
00:00:17]} 38. a4 {[%clk 00:13:47]} {[%emt 00:00:55]} f5 {[%clk 00:58:07]}
{[%emt 00:00:26]} 39. Bb8 {[%clk 00:11:07]} {[%emt 00:03:11]} Be5 {[%clk
00:56:01]} {[%emt 00:02:35]} 40. Ba7 {[%clk 00:11:10]} {[%emt 00:00:28]} Bf6
{[%clk 00:55:57]} {[%emt 00:00:34]} 41. Bc5 {[%clk 00:10:55]} {[%emt 00:00:45]}
d4+ {[%clk 00:54:56]} {[%emt 00:01:31]} 42. Bxd4 {[%clk 00:10:23]} {[%emt
00:01:02]} f4+ {[%clk 00:54:26]} {[%emt 00:01:00]} 43. Ke4 {[%clk 00:09:59]}
{[%emt 00:00:53]} Bxd4 {[%clk 00:54:49]} {[%emt 00:00:08]} 44. Kxd4 {[%clk
00:10:18]} {[%emt 00:00:10]} g5 {[%clk 00:55:13]} {[%emt 00:00:06]} 45. Ke4
{[%clk 00:10:25]} {[%emt 00:00:23]} Kd6 {[%clk 00:55:29]} {[%emt 00:00:14]} 46.
h4 {[%clk 00:10:40]} {[%emt 00:00:16]} gxh4 {[%clk 00:55:53]} {[%emt 00:00:06]}
47. Kxf4 {[%clk 00:11:02]} {[%emt 00:00:07]} g5+ {[%clk 00:56:13]} {[%emt
00:00:10]} 0-1

[Event "Tournoi International du Pays de Charleroi 2018"]
[Site "Roux, Belgium"]
[Date "2018.07.30"]
[Round "4.28"]
[White "Henris, Luc"]
[Black "Bruno, Ricardo"]
[Result "1-0"]
[WhiteTitle "FM"]
[WhiteElo "2204"]
[BlackElo "1989"]

1. e4 {[%emt 02:13:37]} c5 {[%clk 01:27:39]} {[%emt 00:03:18]} 2. d4 {[%clk
01:31:16]} {[%emt 00:00:15]} cxd4 {[%clk 01:26:48]} {[%emt 00:01:21]} 3. c3
{[%clk 01:31:40]} {[%emt 00:00:07]} g6 {[%clk 01:26:25]} {[%emt 00:00:52]} 4.
Nf3 {[%clk 01:31:36]} {[%emt 00:00:34]} d3 {[%clk 01:21:38]} {[%emt 00:05:18]}
5. Bxd3 {[%clk 01:31:26]} {[%emt 00:00:40]} d6 {[%clk 01:21:50]} {[%emt
00:00:17]} 6. h3 {[%clk 01:31:26]} {[%emt 00:00:30]} Bg7 {[%clk 01:22:10]}
{[%emt 00:00:10]} 7. O-O {[%clk 01:31:34]} {[%emt 00:00:22]} Nc6 {[%clk
01:22:32]} {[%emt 00:00:08]} 8. c4 {[%clk 01:31:10]} {[%emt 00:00:54]} Nf6
{[%clk 01:22:54]} {[%emt 00:00:08]} 9. Nc3 {[%clk 01:31:25]} {[%emt 00:00:14]}
O-O {[%clk 01:23:18]} {[%emt 00:00:07]} 10. Be3 {[%clk 01:31:42]} {[%emt
00:00:13]} a6 {[%clk 01:10:43]} {[%emt 00:13:05]} 11. Rc1 {[%clk 01:31:29]}
{[%emt 00:00:42]} Bd7 {[%clk 01:10:51]} {[%emt 00:00:22]} 12. Qe2 {[%clk
01:29:24]} {[%emt 00:02:36]} Qa5 {[%clk 01:06:56]} {[%emt 00:04:25]} 13. Rfd1
{[%clk 01:24:28]} {[%emt 00:05:26]} Qh5 {[%clk 01:00:33]} {[%emt 00:06:53]} 14.
Nd5 {[%clk 01:22:19]} {[%emt 00:02:40]} Nxd5 {[%clk 00:50:08]} {[%emt
00:10:54]} 15. cxd5 {[%clk 01:21:52]} {[%emt 00:00:57]} Nb4 {[%clk 00:49:55]}
{[%emt 00:00:43]} 16. Rc7 {[%clk 01:12:43]} {[%emt 00:09:39]} Nxd3 {[%clk
00:47:15]} {[%emt 00:03:10]} 17. Rxd7 {[%emt 00:00:47]} Ne5 {[%clk 00:44:50]}
{[%emt 00:02:51]} 18. Rxe7 {[%clk 01:10:06]} {[%emt 00:02:53]} b5 {[%clk
00:44:19]} {[%emt 00:01:01]} 19. b3 {[%clk 01:01:57]} {[%emt 00:08:39]} Rfc8
{[%clk 00:42:05]} {[%emt 00:02:43]} 20. Nd4 {[%clk 00:57:57]} {[%emt 00:04:32]}
Qh4 {[%clk 00:38:06]} {[%emt 00:04:28]} 21. Rb7 {[%clk 00:52:18]} {[%emt
00:06:10]} Qxe4 {[%clk 00:29:23]} {[%emt 00:09:09]} 22. Rb6 {[%clk 00:49:50]}
{[%emt 00:03:03]} Bf8 {[%clk 00:23:37]} {[%emt 00:06:15]} 23. f3 {[%clk
00:48:15]} {[%emt 00:02:04]} Qh4 {[%clk 00:23:44]} {[%emt 00:00:23]} 24. Nc6
{[%clk 00:46:11]} {[%emt 00:02:35]} Nd7 {[%clk 00:20:56]} {[%emt 00:03:17]} 25.
Rb7 {[%clk 00:45:02]} {[%emt 00:01:41]} Nc5 {[%clk 00:18:28]} {[%emt 00:02:56]}
26. Bxc5 {[%clk 00:41:40]} {[%emt 00:03:53]} dxc5 {[%clk 00:18:51]} {[%emt
00:00:06]} 27. Ne7+ {[%clk 00:41:22]} {[%emt 00:00:49]} Bxe7 {[%clk 00:18:39]}
{[%emt 00:00:41]} 28. Rxe7 {[%clk 00:41:48]} {[%emt 00:00:05]} Qf6 {[%clk
00:16:52]} {[%emt 00:02:16]} 29. d6 {[%clk 00:40:11]} {[%emt 00:02:07]} Rd8
{[%clk 00:11:24]} {[%emt 00:05:59]} 30. d7 {[%clk 00:36:29]} {[%emt 00:04:12]}
Kf8 {[%clk 00:10:23]} {[%emt 00:01:31]} 31. Re5 {[%clk 00:32:57]} {[%emt
00:04:01]} c4 {[%clk 00:10:04]} {[%emt 00:00:50]} 32. bxc4 {[%clk 00:27:23]}
{[%emt 00:06:04]} bxc4 {[%clk 00:10:28]} {[%emt 00:00:06]} 33. Qe3 {[%clk
00:27:24]} {[%emt 00:00:29]} Kg7 {[%clk 00:10:33]} {[%emt 00:00:25]} 34. Qc5
{[%clk 00:18:40]} {[%emt 00:09:14]} Rab8 {[%clk 00:08:44]} {[%emt 00:02:19]} 35.
Re4 {[%clk 00:10:12]} {[%emt 00:08:58]} Rb7 {[%clk 00:02:58]} {[%emt 00:06:17]}
36. Re8 {[%clk 00:10:00]} {[%emt 00:00:41]} 1-0